LEADER 00962cam0-22003371i-450- 001 990007250500403321 005 20060317165710.0 035 $a000725050 035 $aFED01000725050 035 $a(Aleph)000725050FED01 035 $a000725050 100 $a20021021d1961----km-y0itay50------ba 101 0 $afre 102 $aCH 105 $ay-------001yy 200 1 $a<>Afrique du Sud et la primauté du droit$fCommission internationale de juristes 210 $aGenève$cCommission internationale de juristes$d1961 215 $a250 p.$d25 cm 676 $a340 676 $a968 712 02$aCommission internationale de juristes 801 0$aIT$bUNINA$gRICA$2UNIMARC 901 $aBK 912 $a990007250500403321 952 $aDIR-6$b5309 dip.$fDDRC 952 $aIII H 7$b4453$fFSPBC 952 $aXIV E 269$b4454$fFSPBC 959 $aDDRC 959 $aFSPBC 996 $aAfrique du Sud et la primauté du droit$9687287 997 $aUNINA LEADER 02778nam 22006855 450 001 9910454695803321 005 20210107012328.0 010 $a1-4008-0876-6 010 $a1-282-75150-6 010 $a9786612751509 010 $a1-4008-2057-X 024 7 $a10.1515/9781400820573 035 $a(CKB)1000000000713783 035 $a(EBL)581671 035 $a(OCoLC)700688722 035 $a(SSID)ssj0000431834 035 $a(PQKBManifestationID)12175487 035 $a(PQKBTitleCode)TC0000431834 035 $a(PQKBWorkID)10476786 035 $a(PQKB)11214376 035 $a(DE-B1597)446039 035 $a(OCoLC)979954248 035 $a(DE-B1597)9781400820573 035 $a(MiAaPQ)EBC581671 035 $a(EXLCZ)991000000000713783 100 $a20190708d2012 fg 101 0 $aeng 135 $aur|n|---||||| 181 $ctxt 182 $cc 183 $acr 200 10$aActs of Compassion $eCaring for Others and Helping Ourselves /$fRobert Wuthnow 205 $aCourse Book 210 1$aPrinceton, NJ : $cPrinceton University Press, $d[2012] 210 4$d©1991 215 $a1 online resource (343 p.) 300 $aDescription based upon print version of record. 311 $a0-691-02493-6 327 $t Frontmatter -- $tContents -- $tAcknowledgments -- $tPART I: THE PROBLEM OF INDIVIDUALISM -- $tCHAPTER ONE: An American Paradox -- $tCHAPTER TWO: Caring and/for Our Selves -- $tPART II: LANGUAGES OF COMPASSION -- $tCHAPTER THREE: Talking about Motives -- $tCHAPTER FOUR: Finding Fulfillment -- $tPART III: THE ROLE OF FAITH -- $tCHAPTER FIVE: Conviction and Community -- $tCHAPTER SIX: Along the Road -- $tPART IV: THE LIMITS OF CARING -- $tCHAPTER SEVEN: Bounded Love -- $tCHAPTER EIGHT: The Tarnished Image -- $tPART V: THE WIDER CONTEXT -- $tCHAPTER NINE: Envisioning a Better Society -- $tCHAPTER TEN: The Case for Compassion -- $tNotes -- $tIndex 330 $aRobert Wuthnow finds that those who are most involved in acts of compassion are no less individualistic than anyone else--and that those who are the most intensely individualistic are no less involved in caring for others. 606 $aCaring 606 $aCaring 606 $aHelping behavior 606 $aIndividualism -- United States 606 $aVoluntarism -- United States 608 $aElectronic books. 615 4$aCaring. 615 4$aCaring. 615 4$aHelping behavior. 615 4$aIndividualism -- United States. 615 4$aVoluntarism -- United States. 676 $a302/.14 676 $a361.2 700 $aWuthnow$b Robert, $0882687 801 0$bDE-B1597 801 1$bDE-B1597 906 $aBOOK 912 $a9910454695803321 996 $aActs of Compassion$92450865 997 $aUNINA